Podpisz przedmiot quiz (DLA KOLEGI IGNACEGO) - Statystyki

Ogólne statystyki
  • Ten quiz został rozwiązany 7 756 razy
  • Średni wynik to 6 z 7
Statystyki odpowiedzi
Obrazkowy Odpowiedź % Poprawnych
Wanna
100%
Czapka
97%
Kot
97%
Kibel
95%
Szczoteczka
95%
Skarpetki
90%
Brykiet
24%
Nie znaleziono quizów pasujących do podanych kryteriów
Rozkład punktacji
Procent ludzi z każdym wynikiem
Percentyl według liczby udzielonych odpowiedzi
Twoja historia wyników
Nie rozwiązałeś tego quizu